The Secret World Government or The Hidden hand (Record no. 1230)

000 -LEADER
fixed length control field 00644nam a22002177a 4500
003 - CONTROL NUMBER IDENTIFIER
control field OSt
005 - DATE AND TIME OF LATEST TRANSACTION
control field 20210426111454.0
008 - FIXED-LENGTH DATA ELEMENTS--GENERAL INFORMATION
fixed length control field 210204s2000 ||||| |||| 00| 0 eng d
020 ## - INTERNATIONAL STANDARD BOOK NUMBER
International Standard Book Number 158509093X
040 ## - CATALOGING SOURCE
Original cataloging agency eng
Language of cataloging eng
Transcribing agency DLC
041 ## - LANGUAGE CODE
Language code of text/sound track or separate title eng
080 ## - UNIVERSAL DECIMAL CLASSIFICATION NUMBER
Universal Decimal Classification number 94
Item number S-78
100 ## - MAIN ENTRY--PERSONAL NAME
9 (RLIN) 798
Personal name Spiridovich-Cherep Count Maj.-Gen.
245 ## - TITLE STATEMENT
Title The Secret World Government or The Hidden hand
Remainder of title : The Unrevealed in History 100 Historical mysteries Explained
Statement of responsibility, etc. / by: The Book Tree
260 ## - PUBLICATION, DISTRIBUTION, ETC.
Place of publication, distribution, etc. Escondido
Name of publisher, distributor, etc. The Book Tree
Date of publication, distribution, etc. 2000
300 ## - PHYSICAL DESCRIPTION
Extent 205 p.
365 ## - TRADE PRICE
Price amount 17.95 usd
650 #0 - SUBJECT ADDED ENTRY--TOPICAL TERM
9 (RLIN) 252
Topical term or geographic name entry element History
653 ## - INDEX TERM--UNCONTROLLED
Uncontrolled term ისტორია
942 ## - ADDED ENTRY ELEMENTS (KOHA)
Source of classification or shelving scheme
Koha item type Books
Holdings
Withdrawn status Lost status Source of classification or shelving scheme Damaged status Not for loan Permanent location Current location Date acquired Inventory number Total Checkouts Full call number Barcode Date last seen Price effective from Koha item type
          Ken Walker International University Ken Walker International University 02/04/2021 1355   94 S-78 1355 02/04/2021 02/04/2021 Books

Powered by Koha